Krásna chce vysťahovať z centra Rómov, skoro to nebude

Bibliographic Details
Main Author: Eperješiová, Eva (Author)
Format: Article
Language:Slovak
Subjects:

MARC

LEADER 00000nab a2200000 a 4500
001 vtls010103883
003 SK-MaSNL
005 20260303081424.0
008 100608c20100608xo drz 0 0slo
038 |a KEVKJB 
040 |a KEVKJB  |b slo  |c KEVKJB  |e AACR2 
041 0 |a slo 
044 |a xo  |c SK 
080 |a 643(=214.58)  |2 2001 
100 1 |a Eperješiová, Eva  |4 aut  |9 1034675 
245 1 0 |a Krásna chce vysťahovať z centra Rómov, skoro to nebude  |c Eva Eperješiová 
300 |b Fotogr. 
650 0 7 |a Rómovia  |x nelegálne bývanie  |2 kevkjb  |9 1084612 
651 7 |a Košice (Slovensko)  |2 kevkjb  |9 18694 
651 7 |a Krásna nad Hornádom (Krásna, Košice IV, Slovensko)  |2 kevkjb  |9 79319 
655 7 |a romiká  |2 kevkjb  |9 310820 
773 0 |t Košický Korzár  |g Roč. XIII, č. 130 (8.6.2010), s. 2  |x 1335-4566 
852 |a KEVKJB  |b KIS3GCP 
958 |a RQ 
999 |c 1784607  |d 1786537